The Treasury of the Encyclopaedia Britannica : (Record no. 3654)
[ view plain ]
| 000 -LEADER | |
|---|---|
| fixed length control field | 01024nac a22002171u 4500 |
| 008 - FIXED-LENGTH DATA ELEMENTS--GENERAL INFORMATION | |
| fixed length control field | 100920t xxu||||| |||| 00| 0 eng d |
| 010 ## - LIBRARY OF CONGRESS CONTROL NUMBER | |
| LC control number | 92054069 |
| 020 ## - INTERNATIONAL STANDARD BOOK NUMBER | |
| International Standard Book Number | 0670835684 |
| 082 00 - DEWEY DECIMAL CLASSIFICATION NUMBER | |
| Classification number | 031 |
| Item number | F145 |
| 100 ## - MAIN ENTRY--PERSONAL NAME | |
| Personal name | 20080729 |
| 9 (RLIN) | 19514 |
| 245 04 - TITLE STATEMENT | |
| Title | The Treasury of the Encyclopaedia Britannica : |
| Remainder of title | more than two centuries of facts, curiosities, and discoveries from the most distinguished reference work of all time / |
| Statement of responsibility, etc | general editor, Clifton Fadiman, contributing editors, Bruce L. Felknor, Robert McHenry. |
| 260 ## - PUBLICATION, DISTRIBUTION, ETC. (IMPRINT) | |
| Place of publication, distribution, etc | New York : |
| Name of publisher, distributor, etc | Viking, |
| Date of publication, distribution, etc | 1992. |
| 300 ## - PHYSICAL DESCRIPTION | |
| Extent | xxix, 704 p. : |
| Other physical details | ill. ; |
| Dimensions | 27 cm. |
| 500 ## - GENERAL NOTE | |
| General note | Includes index. |
| 650 ## - SUBJECT ADDED ENTRY--TOPICAL TERM | |
| Topical term or geographic name as entry element | Treasury of the Encyclopaedia Britannica |
| 9 (RLIN) | 19515 |
| 700 1# - ADDED ENTRY--PERSONAL NAME | |
| Personal name | Fadiman, Clifton, |
| Dates associated with a name | 1904-1999. |
| 9 (RLIN) | 19516 |
| 700 1# - ADDED ENTRY--PERSONAL NAME | |
| Personal name | Felknor, Bruce L. |
| 9 (RLIN) | 19517 |
| 700 1# - ADDED ENTRY--PERSONAL NAME | |
| Personal name | McHenry, Robert. |
| 9 (RLIN) | 19518 |
| 942 ## - ADDED ENTRY ELEMENTS (KOHA) | |
| Item type | Reference (NB) |
| Call number prefix | 031F145 |
| Source of classification or shelving scheme | Dewey Decimal Classification |
| Withdrawn status | Item status | Source of classification or shelving scheme | Damaged status | Not for loan | Vendor | Home library | Current library | Shelving location | Date acquired | Source of acquisition | Cost, normal purchase price | Total Checkouts | Full call number | Barcode | Date last seen | Cost, replacement price | Koha item type |
|---|---|---|---|---|---|---|---|---|---|---|---|---|---|---|---|---|---|
| Dewey Decimal Classification | Central Library | Central Library | Ground Floor | 06/05/2007 | 142.00 | 031 TRE | 000039514 | 15/07/2025 | 177.50 | Reference (NB) |